Stacionár pre seniorov v Miloslavove

Na minha lista:
Detalhes bibliográficos
Autor principal: Sobolová, Katarína (Author)
Outros Autores: Ruhig, Roman (Thesis advisor)
Formato: Manuscrito Livro
Idioma:eslovaco
Publicado em: 2021
Assuntos:
Acesso em linha:http://is.stuba.sk/zp/portal_zp.pl?podrobnosti=158631
https://opac.crzp.sk/?fn=detailBiblioForm&sid=C5B0443D08DFEDB23E090F49A386
Tags: Adicionar Tag
Sem tags, seja o primeiro a adicionar uma tag!

MARC

LEADER 00000ntm a22000003a 4500
001 stuzp83982
003 SK-STU
005 20230515133557.0
007 ta
008 150427s2015----xo-----f-mn---000-0-slo-d
040 |a STU  |b slo 
041 0 |a slo 
100 1 |a Sobolová, Katarína  |u 010310  |4 aut  |U SvF Stavebná fakulta  |T SvF Katedra architektúry  |X 93192  |U V181|V310  |Y 19  |7 93192 
242 0 1 |a Care center for the elderly in Miloslavove  |y eng 
245 1 0 |a Stacionár pre seniorov v Miloslavove 
260 |c 2021 
650 4 |a Stacionár  |2 slo 
650 4 |a Biokoridor  |2 slo 
650 4 |a Senior  |2 slo 
650 4 |a Care center  |2 eng 
650 4 |a Elderly  |2 eng 
650 4 |a bio-corridor  |2 eng 
700 1 |a Ruhig, Roman  |u 010310  |k Z1  |4 ths  |U SvF Stavebná fakulta  |T SvF Katedra architektúry  |X 7452  |U V181|V310  |Y 19  |7 A000007452 
856 4 |u http://is.stuba.sk/zp/portal_zp.pl?podrobnosti=158631 
856 4 |u https://opac.crzp.sk/?fn=detailBiblioForm&sid=C5B0443D08DFEDB23E090F49A386